[Event "Moscow Region Spring GM"]
[Site "Serpukhov RUS"]
[Date "2009.05.04"]
[Round "6"]
[White "Iljiushenok,I"]
[Black "Savina,A"]
[Result "0-1"]
[WhiteElo "2413"]
[BlackElo "2258"]

1.e4 c5 2.Nf3 Nc6 3.Nc3 e6 4.Bb5 Nge7 5.O-O a6 6.Bxc6 Nxc6 7.d4 cxd4 8.Nxd4 Qc7
9.Be3 Ne5 10.Qe2 Nc4 11.Bf4 Qxf4 12.Qxc4 b5 13.Qd3 Bb7 14.Rad1 Rd8 15.Rfe1 Bc5
16.g3 Qc7 17.a3 O-O 18.Kg2 f5 19.f3 fxe4 20.Nxe4 Bxd4 21.Qxd4 Qxc2+ 22.Rd2 Qc4
23.Qb6 Qc6 24.Qd4 Rf5 25.Re3 Rd5 26.Qb4 Qc1 27.Ree2 Rxd2 28.Rxd2 Bxe4 29.fxe4 Rf8
30.Rf2 Rxf2+ 31.Kxf2 Qc2+ 32.Kf3 Qxh2 33.Qe7 Qh1+ 34.Kf4 Qc1+ 35.Kg4 Qd1+
36.Kf4 Qd2+ 37.Kf3 h6 38.Qd8+ Kh7 39.Qb6 Qd3+ 40.Kf4 Qf1+ 41.Kg4 Kg6  0-1

[Event "84th ch-ARG Semifinal"]
[Site "La Plata ARG"]
[Date "2009.05.05"]
[Round "8"]
[White "Orsini,A"]
[Black "Barrionuevo,P"]
[Result "1-0"]
[WhiteElo "2352"]
[BlackElo "2327"]

1.e4 c5 2.Nf3 Nc6 3.Nc3 g6 4.d4 cxd4 5.Nxd4 Bg7 6.Be3 Nf6 7.Bc4 Qa5 8.O-O O-O
9.Bb3 d6 10.h3 Bd7 11.Re1 Rac8 12.f4 Qh5 13.Nxc6 Bxc6 14.Bxa7 Bh6 15.Nd5 Bxd5
16.Qxh5 Nxh5 17.exd5 Ra8 18.Bf2 Rfe8 19.g3 Bg7 20.c3 f5 21.a4 Kf8 22.a5 Rec8
23.Ra4 Nf6 24.Bd4 Rc7 25.Kg2 h5 26.c4 Ne4 27.Bxg7+ Kxg7 28.Bc2 Nc5 29.Ra3 Na6
30.Ra4 Nc5 31.Ra3 Na6 32.b3 Kf7 33.Ra4 Nc5 34.Ra3 Na6 35.Kf3 Rcc8 36.Bb1 Nb4
37.Ra4 Na6 38.Ra3 Nb4 39.Ra4 Na6 40.Ke3 Nc5 41.Ra3 b6 42.b4 Nd7 43.Kd4 bxa5
44.bxa5 Rcb8 45.Rae3 Re8 46.Ra3 Nc5 47.Bc2 Reb8 48.Kc3 Ra7 49.Rea1 Rc8 50.Ba4 Kf6
51.Bb5 Ne4+ 52.Kb4 h4 53.gxh4 Rh8 54.a6 Rxh4 55.Ka5 Rh8 56.Kb6 Raa8 57.a7 Nd2
58.R1a2  1-0

[Event "ch-RUS U20 w"]
[Site "Dagomys RUS"]
[Date "2009.05.06"]
[Round "7"]
[White "Tairova,E"]
[Black "Severiukhina,Z"]
[Result "1/2-1/2"]
[WhiteElo "2422"]
[BlackElo "2332"]

1.e4 c5 2.Nc3 Nc6 3.Nf3 d6 4.d4 cxd4 5.Nxd4 Nf6 6.Bc4 Bd7 7.Bb3 g6 8.f3 Nxd4
9.Qxd4 Bg7 10.Be3 O-O 11.Qd2 b5 12.a4 bxa4 13.Nxa4 Qc7 14.O-O Qb7 15.Rfd1 Rfc8
16.e5 Bxa4 17.Rxa4 dxe5 18.Qa5 e6 19.Qa6 Qe7 20.Rda1 e4 21.Qe2 exf3 22.Qxf3 a5
23.Rf1 Nd7 24.Kh1 Bxb2 25.Rf4 Ne5 26.Qh3 Rc3 27.Re4 a4 28.Bxa4 Nc4 29.Bb3 Nd2
30.Rxe6 Nxf1 31.Rxe7 Rxe3 32.Rxe3 Nxe3 33.Kg1 Nf5 34.Qd3 Bd4+ 35.Kf1 Re8
36.g4 Ne3+ 37.Kg1 Nxc2+ 38.Kf1 Ne3+ 39.Kf2 Nxg4+ 40.Kg2 Ne3+ 41.Kf3 Nf5 42.Qc4 Re3+
43.Kg2 Rg3+ 44.hxg3 Ne3+ 45.Kf3 Nxc4 46.Bxc4 h5 47.g4 hxg4+ 48.Kxg4 Kg7 49.Bd3 Kf6
50.Bc4 Bc3 51.Bb3 Bd2 52.Bc4 Ke7 53.Bd3 Kd6 54.Bc4 f5+ 55.Kf3 Ke5 56.Bb3 g5
57.Bc2 Bb4 58.Bd3 Be1 59.Bc2 g4+ 60.Kg2 f4  1/2-1/2

[Event "ch-RUS U20 w"]
[Site "Dagomys RUS"]
[Date "2009.05.07"]
[Round "8"]
[White "Girya,O"]
[Black "Gunina,V"]
[Result "0-1"]
[WhiteElo "2335"]
[BlackElo "2411"]

1.e4 c5 2.Nc3 Nc6 3.Bb5 g6 4.Bxc6 bxc6 5.d3 Bg7 6.f4 d6 7.Nf3 Nf6 8.O-O O-O
9.Qe1 Rb8 10.Qh4 c4 11.dxc4 Rxb2 12.Bxb2 Qb6+ 13.Kh1 Qxb2 14.Qe1 Nh5 15.e5 Nxf4
16.Nd4 dxe5 17.Rb1 Qa3 18.Nxc6 Qc5 19.Nxe7+ Qxe7 20.Rxf4 Qe6 21.Rf2 Qxc4
22.Ne4 Qc6 23.Qe3 f5 24.Ng5 h6 25.Nf3 f4 26.Qxa7 e4 27.Nd4 Qd5 28.c3 e3 29.Rfb2 g5
30.Qb6 g4 31.Qb3 Qxb3 32.Rxb3 Ba6 33.Rb8 Bxd4 34.Rxf8+ Kxf8 35.cxd4 f3 36.gxf3 gxf3
37.Kg1 Ke7 38.h4 Bd3 39.Rc1 Ke6 40.a4 Kd5 41.Kh2 Kxd4 42.Kg3 f2 43.Kg2 Ke4
44.a5 Kf4 45.a6 Bxa6 46.h5 f1=Q+  0-1

[Event "2nd Mayors Cup"]
[Site "Mumbai IND"]
[Date "2009.05.07"]
[Round "8"]
[White "Iuldachev,S"]
[Black "Deepan,C"]
[Result "0-1"]
[WhiteElo "2497"]
[BlackElo "2482"]

1.e4 c5 2.Nc3 Nc6 3.Bb5 Nd4 4.Bc4 e6 5.Nf3 Nf6 6.O-O a6 7.a4 d5 8.exd5 exd5
9.Bd3 Nc6 10.Be2 d4 11.Nb1 Bd6 12.d3 h6 13.Nbd2 O-O 14.Nc4 Bc7 15.Nfd2 Rb8
16.Bf3 Bd7 17.Ne4 Nxe4 18.Bxe4 b5 19.axb5 axb5 20.Nd2 Be6 21.Qh5 Ne5 22.Qd1 f5
23.Bf3 Qd6 24.Re1 Rbe8 25.g3 Nxf3+ 26.Nxf3 Bd5 27.Bf4 Qc6 28.Ne5 Bxe5 29.Bxe5 Bh1
30.f3 Bxf3 31.Qd2 Qd7 32.Qa5 Rf7 33.Qb6 Rfe7 34.Qxc5 Qd5 35.Qxd5+ Bxd5 36.Ra5 Rxe5
37.Rxe5 Rxe5 38.Rxb5 Kf7 39.Kf2 g5 40.Rb4 g4 41.Rb5 Kf6 42.c4 Bf3 43.Rb6+ Re6
44.Rxe6+ Kxe6 45.b4 Ke5 46.Ke1 f4 47.Kf2 h5 48.b5 fxg3+ 49.Kxg3 Be2 50.b6 Kd6
51.c5+ Kc6  0-1

[Event "2nd Mayors Cup"]
[Site "Mumbai IND"]
[Date "2009.05.07"]
[Round "8"]
[White "Areshchenko,A"]
[Black "Zinchenko,Ya"]
[Result "1-0"]
[WhiteElo "2657"]
[BlackElo "2531"]

1.e4 c5 2.Nf3 Nc6 3.Nc3 Nf6 4.Bb5 Qc7 5.O-O Nd4 6.Nxd4 cxd4 7.Ne2 Nxe4 8.Nxd4 g6
9.Re1 Nd6 10.Qe2 Qc5 11.c3 Nxb5 12.Nxb5 a6 13.Na3 b5 14.d4 Qd5 15.c4 bxc4
16.Nxc4 Bb7 17.f3 Qe6 18.Qf1 Qc6 19.d5 Qxd5 20.Nb6 Qa5 21.Nxa8 Bxa8 22.Bd2 Qb6+
23.Be3 Qa5 24.Qc4 Bg7 25.Bd4 f6 26.Bc5 e5 27.b4 Qa4 28.Bd6 Qc6 29.Qd3 Kf7
30.a4 Ke6 31.Red1 Rc8 32.Rac1 Qxc1 33.Rxc1 Rxc1+ 34.Kf2 Bd5 35.Bc5 Rc4 36.Be3 Bf8
37.Bd2 f5 38.Qe3 Bxb4 39.Qb6+ Bd6 40.Qxa6 f4  1-0

[Event "XI Open"]
[Site "Salou ESP"]
[Date "2009.05.07"]
[Round "3"]
[White "Nataf,IA"]
[Black "Karlsson,L"]
[Result "1/2-1/2"]
[WhiteElo "2533"]
[BlackElo "2446"]

1.e4 c5 2.Nc3 Nc6 3.Nge2 Nf6 4.d4 cxd4 5.Nxd4 e5 6.Ndb5 h6 7.Nd5 Nxd5 8.exd5 a6
9.Nc3 Nd4 10.Bd3 d6 11.O-O g6 12.Re1 Qh4 13.Re4 Qe7 14.Na4 Bf5 15.Re1 Bg7
16.c3 Bxd3 17.Qxd3 Nf5 18.Nb6 Rd8 19.a4 O-O 20.a5 Rfe8 21.Ra4 h5 22.Rae4 Nh6
23.R4e2 f5 24.Bxh6 Bxh6 25.c4 e4 26.Qc2 Bg7 27.f3 Bd4+ 28.Kh1  1/2-1/2

[Event "Copenhagen Chess Challenge"]
[Site "Ballerup DEN"]
[Date "2009.05.08"]
[Round "5"]
[White "Nielsen,PB"]
[Black "Andersen,Ki"]
[Result "0-1"]
[WhiteElo "1792"]
[BlackElo "1914"]

1.e4 c5 2.Nf3 Nc6 3.Nc3 e6 4.Bb5 Nge7 5.O-O a6 6.Bxc6 bxc6 7.e5 Ng6 8.Re1 Be7
9.d4 cxd4 10.Qxd4 O-O 11.Ne4 Qc7 12.Bg5 c5 13.Qc3 Bxg5 14.Nexg5 Bb7 15.Rad1 Bd5
16.Ne4 c4 17.b3 Rfc8 18.Nd6 cxb3 19.Qxc7 Rxc7 20.cxb3 Nf4 21.Rd4 Ng6 22.Ng5 Nxe5
23.f4 Nc6 24.Rd2 f6 25.Nge4 Ne7 26.h3 Rb8 27.f5 h6 28.fxe6 dxe6 29.Ng3 Rb4
30.Kh2 Ng6 31.Nh5 Rb8 32.Rd4 Rd8 33.Nc4 Kf7 34.Ne3 Ne5 35.Nf4 Rcd7 36.Red1 Bc6
37.Rxd7+ Rxd7 38.Rc1 g5 39.Nh5 Rd2 40.a4 Nf3+ 41.Kg3 Nd4 42.Rf1 f5 43.h4 Kg6
44.hxg5 hxg5  0-1

[Event "XXVIII Open"]
[Site "Zalakaros HUN"]
[Date "2009.05.08"]
[Round "1"]
[White "Kernazhitsky,L"]
[Black "Varga,Kl"]
[Result "1-0"]
[WhiteElo "2331"]
[BlackElo "2117"]

1.e4 c5 2.Nc3 Nc6 3.Bb5 e6 4.Bxc6 bxc6 5.d3 d5 6.f4 Be7 7.Nf3 Nf6 8.e5 Ng4
9.O-O h5 10.b3 Ba6 11.Qe2 Rb8 12.f5 exf5 13.e6 Bf6 14.Bd2 Qd6 15.Rae1 Rb7
16.exf7+ Kxf7 17.Bf4 Qd7 18.Na4 Re8 19.Qxe8+ Qxe8 20.Rxe8 Kxe8 21.Nxc5 Rb4
22.c4 Bc8 23.Re1+ Kf7 24.h3 Nh6 25.a3 Rb6 26.Bc7 Be7 27.Bxb6 axb6 28.Na4 dxc4
29.Ne5+ Kf6 30.Nxc6 Bxa3 31.dxc4 Bd7 32.Ne5 Be6 33.Nd3 b5 34.Nac5  1-0

[Event "TCh-NED 2008-9"]
[Site "Netherlands NED"]
[Date "2009.05.10"]
[Round "9"]
[White "Berkvens,J"]
[Black "Van der Heijden,T"]
[Result "0-1"]
[WhiteElo "2431"]
[BlackElo "2245"]

1.e4 c5 2.Nc3 Nc6 3.Bb5 Nd4 4.Bc4 e6 5.Nf3 Ne7 6.O-O Nec6 7.Nxd4 cxd4 8.Ne2 Be7
9.d3 O-O 10.a3 d5 11.exd5 exd5 12.Ba2 Be6 13.Nf4 Qd7 14.Re1 Bd6 15.Nxe6 fxe6
16.Qg4 Rf5 17.f4 Raf8 18.g3 Kh8 19.h4 Bc7 20.Qf3 g5 21.hxg5 Rxg5 22.Rf1 Rg6
23.Kg2 Qg7 24.Bd2 e5 25.Rg1 exf4 26.Qxd5 f3+ 27.Kh1 Rh6+  0-1

[Event "XI Open"]
[Site "Salou ESP"]
[Date "2009.05.12"]
[Round "8"]
[White "Nataf,IA"]
[Black "Libiszewski,F"]
[Result "1/2-1/2"]
[WhiteElo "2533"]
[BlackElo "2505"]

1.e4 c5 2.Nf3 Nc6 3.Nc3 g6 4.d4 cxd4 5.Nxd4 Bg7 6.Be3 Nf6 7.Bc4 Qa5 8.O-O O-O
9.Bb3 d6 10.f4 Bd7 11.h3 Nxd4 12.Bxd4 Bc6 13.Qd3 Nd7 14.Bxg7 Kxg7 15.Nd5 Qc5+
16.Kh2 e6 17.Nc3 Nf6 18.Rad1 Rad8 19.Qe2  1/2-1/2

[Event "8th Asian Continental Open"]
[Site "Subic Bay PHI"]
[Date "2009.05.13"]
[Round "1"]
[White "Hou Yifan"]
[Black "Wan Yunguo"]
[Result "0-1"]
[WhiteElo "2590"]
[BlackElo "2434"]

1.e4 c5 2.Nf3 Nc6 3.Nc3 Nf6 4.Bb5 Qc7 5.d3 g6 6.O-O Bg7 7.Re1 e5 8.Nd5 Nxd5
9.exd5 Ne7 10.c3 a6 11.Ba4 b5 12.Bc2 d6 13.d4 cxd4 14.cxd4 e4 15.Bxe4 O-O
16.Bg5 f6 17.Rc1 Qd7 18.Bd2 Bb7 19.h4 Rac8 20.h5 Rxc1 21.Bxc1 g5 22.Qe2 Bxd5
23.Bxd5+ Nxd5 24.Qe4 Qf7 25.Bd2 h6 26.Qf5 Rd8 27.b3 Ne7 28.Qe4 Bf8 29.Qb7 Nf5
30.Qxa6 Qd5 31.Rc1 g4 32.Nh2 Nxd4 33.Re1 Nf5 34.Be3 Nh4 35.f3 gxf3 36.Nxf3 Nxf3+
37.gxf3 Ra8 38.Qb6 Rxa2 39.Bf2 Qxf3 40.Qd4 Rc2 41.Re8 Rc1+ 42.Be1 Qxh5 43.Qe4 Rc5
44.Bg3 Qd1+ 45.Be1 Rg5+ 46.Kf2 Qxb3  0-1

[Event "Limpedea Cup"]
[Site "Baia Sprie ROM"]
[Date "2009.05.14"]
[Round "4"]
[White "Thesing,M"]
[Black "Manea,Al"]
[Result "1-0"]
[WhiteElo "2415"]
[BlackElo "2404"]

1.e4 c5 2.Nc3 Nc6 3.Bb5 Nd4 4.Nf3 g6 5.O-O Bg7 6.Nxd4 cxd4 7.Ne2 a6 8.Ba4 b5
9.Bb3 Bb7 10.d3 d5 11.f3 e6 12.Qe1 Ne7 13.Bd2 a5 14.a4 b4 15.Qg3 h6 16.Qh3 Qd7
17.Rae1 Bc6 18.Nf4 Rd8 19.exd5 Nxd5 20.Nxe6 fxe6 21.Rxe6+ Kf7 22.Rfe1 Bf6
23.f4 Kg7 24.f5 Bb7 25.Qg4 g5 26.Qh5 Qf7 27.Qxf7+ Kxf7 28.Rb6 Ba8 29.Ra6 Kg7
30.Ra7+ Ne7 31.Rexe7+ Bxe7 32.Rxe7+ Kf6 33.Rf7+ Ke5 34.Be1 Kd6 35.Ra7 Rhe8
36.Bg3+ Kc6 37.Rxa5 Re2 38.Kf1 Rd2 39.Ra6+ Kb7 40.Re6 Ka7 41.Re7+ Bb7 42.f6 Ka6
43.f7  1-0

[Event "CICC Open"]
[Site "Calgary CAN"]
[Date "2009.05.15"]
[Round "2"]
[White "Huber,Gr"]
[Black "Me,K"]
[Result "1-0"]
[WhiteElo "2245"]
[BlackElo "2116"]

1.e4 c5 2.Nc3 Nc6 3.Bb5 d6 4.Bxc6+ bxc6 5.f4 g6 6.Nf3 Bg7 7.O-O Nf6 8.d3 Rb8
9.Qe1 Qb6 10.Kh1 O-O 11.Qh4 Bg4 12.f5 gxf5 13.e5 Bxf3 14.exf6 Bxf6 15.Qg3+ Bg4
16.Rxf5 Kh8 17.Qxg4 Rg8 18.Qh3 Rg7 19.Rh5 Qb4 20.a3 Qb6 21.Ne4 Bxb2 22.Rb1 Bxc1
23.Rxb6 Rxb6 24.Qc8+ Rg8 25.Qf5 Rg7 26.h4 f6 27.g3 Bxa3 28.Ng5 Rb1+ 29.Kh2 fxg5
30.Qf8+ Rg8 31.Qxe7 Rg7 32.Qf8+ Rg8 33.Qf6+ Rg7 34.Rxg5  1-0

[Event "TCh-FIN"]
[Site "Finland FIN"]
[Date "2009.05.15"]
[Round "9"]
[White "Seeman,T"]
[Black "Novik,Ma"]
[Result "1/2-1/2"]
[WhiteElo "2399"]
[BlackElo "2466"]

1.Nf3 c5 2.e4 Nc6 3.Nc3 e6 4.Bb5 Nge7 5.O-O Nd4 6.Nxd4 cxd4 7.Ne2 a6 8.Ba4 b5
9.Bb3 Nc6 10.d3 Be7 11.Bd2 O-O 12.f4 a5  1/2-1/2

[Event "8th Asian Continental Open"]
[Site "Subic Bay PHI"]
[Date "2009.05.15"]
[Round "3"]
[White "Nolte,R"]
[Black "Chua,Aa"]
[Result "1-0"]
[WhiteElo "2479"]
[BlackElo "2116"]

1.e4 c5 2.Nf3 Nc6 3.Nc3 e5 4.Bc4 d6 5.d3 Be7 6.Nd2 Nf6 7.Nf1 a6 8.a4 Be6
9.Ne3 Nd4 10.O-O Rb8 11.Ncd5 O-O 12.a5 Nxd5 13.Bxd5 Bg5 14.Bd2 Bf4 15.c3 Bxd5
16.exd5 Nb5 17.g3 Bg5 18.f4 exf4 19.gxf4 Bf6 20.Ng4 Nc7 21.Qf3 b5 22.Kh1 b4
23.Rg1 bxc3 24.Nxf6+ Qxf6 25.Bxc3 Qh6 26.Qh3 Qxh3 27.Rxg7+ Kh8 28.Rg8+ Kxg8
29.Rg1+  1-0

[Event "Limpedea Cup"]
[Site "Baia Sprie ROM"]
[Date "2009.05.16"]
[Round "6"]
[White "Szabo,At1"]
[Black "Grigore,Ge"]
[Result "1/2-1/2"]
[WhiteElo "2284"]
[BlackElo "2542"]

1.e4 c5 2.Nf3 Nc6 3.Nc3 g6 4.d4 cxd4 5.Nxd4 Bg7 6.Be3 Nf6 7.Bc4 O-O 8.Bb3 d6
9.f3 Bd7 10.Qd2 Nxd4 11.Bxd4 b5 12.Nd5 Nxd5 13.exd5 a5 14.a3 Bxd4 15.Qxd4 Qc7
16.O-O-O Rfc8 17.Rd2 Qc5 18.Re1 Qxd4 19.Rxd4 Kf8 20.Kd2 Rc5 21.c3 a4 22.Ba2 Re8
23.Re3 Kg7 24.Rde4 Kf6 25.Rf4+ Kg7 26.Rfe4  1/2-1/2

[Event "Young Stars of the World"]
[Site "Kirishi RUS"]
[Date "2009.05.16"]
[Round "7"]
[White "Fedoseev,Vl3"]
[Black "Belous,V"]
[Result "1-0"]
[WhiteElo "2318"]
[BlackElo "2414"]

1.e4 c5 2.Nf3 Nc6 3.Nc3 g6 4.d4 cxd4 5.Nxd4 Bg7 6.Be3 Nf6 7.Bc4 Ng4 8.Nxc6 dxc6
9.Qxd8+ Kxd8 10.Bf4 Be5 11.Bd2 Kc7 12.h3 Nf6 13.f4 Bd4 14.O-O-O Be6 15.f5 Bxc4
16.Bf4+ e5 17.fxe6 Kb6 18.Rxd4 Nh5 19.Na4+ Kb5 20.Bd6 Bxe6 21.Rb4+ Ka5 22.Rxb7 Kxa4
23.Bb4 Bxa2 24.Bc3 Ng3 25.b3+ Bxb3 26.cxb3+ Ka3 27.Kc2  1-0

[Event "XXVIII Open"]
[Site "Zalakaros HUN"]
[Date "2009.05.16"]
[Round "9"]
[White "Cao,S"]
[Black "Konnyu,J"]
[Result "1/2-1/2"]
[WhiteElo "2512"]
[BlackElo "2367"]

1.e4 c5 2.Nf3 Nc6 3.Nc3 Nf6 4.Bb5 g6 5.Bxc6 dxc6 6.d3 Bg7 7.Be3 b6 8.Qc1 Ng4
9.Bf4 e5 10.Bd2 Qd6 11.h3 Nf6 12.Bh6 O-O 13.Bxg7 Kxg7 14.Qe3 b5 15.O-O Be6
16.Ne2 Rad8 17.Ng5 c4 18.Rad1  1/2-1/2

[Event "CICC Open"]
[Site "Calgary CAN"]
[Date "2009.05.17"]
[Round "6"]
[White "Peng,D"]
[Black "Me,K"]
[Result "0-1"]
[WhiteElo "2245"]
[BlackElo "2116"]

1.e4 c5 2.Nc3 Nc6 3.Nf3 g6 4.d4 cxd4 5.Nxd4 Bg7 6.Be3 d6 7.Bc4 Nf6 8.f3 O-O
9.Qd2 Bd7 10.O-O-O Rc8 11.Bb3 Ne5 12.h4 h5 13.Bg5 Rc5 14.g4 hxg4 15.f4 Nc4
16.Qd3 Na5 17.Qe3 Nxb3+ 18.axb3 Qa5 19.Kb1 Rfc8 20.Nde2 R8c6 21.b4 Qxb4 22.e5 Rb6
23.b3 Ra5 24.Na2 Qa3 25.Nec1 Nd5 26.Rxd5 Rxd5 27.Bxe7 Bf5 28.Bf6 dxe5 29.Bxg7 Kxg7
30.fxe5 Qc5 31.Qxc5 Rxc5 32.Rh2 Rxe5 33.Nc3 Rc6 34.Kb2 Re3 35.N1e2 Rh3 36.Rf2 Rf3
37.Rg2 Rc5 38.Rg1 a5  0-1

[Event "8th Asian Continental Open"]
[Site "Subic Bay PHI"]
[Date "2009.05.17"]
[Round "5"]
[White "Gao Rui"]
[Black "Li Shilong"]
[Result "1-0"]
[WhiteElo "2500"]
[BlackElo "2557"]

1.e4 c5 2.Nf3 Nc6 3.Nc3 Nf6 4.d4 cxd4 5.Nxd4 e5 6.Ndb5 d6 7.Bg5 a6 8.Na3 b5
9.Nd5 Be7 10.Bxf6 Bxf6 11.c3 O-O 12.Nc2 Rb8 13.h4 Be7 14.a3 Re8 15.Nce3 Be6
16.Bd3 Qd7 17.Qf3 Bd8 18.Rd1 Nd4 19.Qg3 f5 20.cxd4 exd4 21.O-O dxe3 22.Nxe3 fxe4
23.Bxe4 Qf7 24.Bc6 Rf8 25.Bd5 Bxd5 26.Nxd5 Rc8 27.Ne3 Qh5 28.Qxd6 Bxh4 29.Qxa6 Qe5
30.Ng4 Qf5 31.Rd4 Rc2 32.Qd6 Rc4 33.Rxc4 bxc4 34.Qd4 Qf4 35.Qxf4 Rxf4 36.Ne3 Bf6
37.Nd5 Rd4 38.Nxf6+ gxf6 39.Rc1 Kf7 40.Rc2 Ke6 41.Kf1 h5 42.Ke2 Ke5 43.Rc3 h4
44.a4 Rg4 45.a5 Kd4 46.Kf3 Rg5 47.Ra3 Rf5+ 48.Ke2 Rb5 49.Ra2 Re5+ 50.Kd2 Rf5
51.a6 Rxf2+ 52.Ke1 Rxg2 53.a7 h3 54.a8=Q Rg1+ 55.Kf2 h2 56.Qd8+ Ke4 57.Qe7+ Kf5
58.Ra5+ Kg6 59.Qe8+  1-0

[Event "8th Asian Continental Open"]
[Site "Subic Bay PHI"]
[Date "2009.05.18"]
[Round "6"]
[White "Ashwin,J"]
[Black "Pascua,H"]
[Result "1-0"]
[WhiteElo "2413"]
[BlackElo "2359"]

1.e4 c5 2.Nf3 Nc6 3.Nc3 Nf6 4.Bb5 g6 5.e5 Ng4 6.Bxc6 dxc6 7.h3 Nh6 8.g4 Bg7
9.d3 O-O 10.Bf4 f6 11.Qe2 Nxg4 12.hxg4 fxe5 13.Rxh7 Kxh7 14.Ng5+ Kg8 15.Be3 e4
16.O-O-O Bd4 17.Ncxe4 Qd5 18.Bxd4 cxd4 19.f4 Rxf4 20.Qh2 Qe5 21.Qh7+ Kf8
22.Qxg6 Qg7 23.Nh7+ Kg8 24.Qe8+ Rf8 25.Nxf8 Qxf8 26.Qg6+ Qg7 27.Qe8+ Qf8
28.Qh5 Qf7 29.Qh4 b6 30.Rh1 Qg7 31.Qg3 Be6 32.Rh5 Kf8 33.Qf4+ Ke8 34.Qc7 Bd7
35.Qh2 Be6 36.Qc7 Bd7 37.Qh2 Be6 38.Rh7 Qxg4 39.b3 Bg8 40.Rxe7+ Kxe7 41.Qd6+ Kf7
42.Qf6+ Ke8 43.Qxc6+ Kf7 44.Qb7+ Ke6 45.Qxa8 Qg7 46.Qe8+ Kf5 47.Nd6+ Kg5
48.Qe4 Qf6 49.Nb5 Qf4+ 50.Qxf4+ Kxf4 51.Nxd4  1-0

[Event "Young Stars of the World"]
[Site "Kirishi RUS"]
[Date "2009.05.19"]
[Round "10"]
[White "Ganichev,Alex"]
[Black "Belous,V"]
[Result "0-1"]
[WhiteElo "2154"]
[BlackElo "2414"]

1.e4 c5 2.Nf3 Nc6 3.Nc3 a6 4.d4 cxd4 5.Nxd4 e5 6.Nf5 d6 7.Ne3 b5 8.a3 Nf6
9.Ned5 Rb8 10.Nxf6+ Qxf6 11.Nd5 Qg6 12.Qd3 f5 13.f3 fxe4 14.fxe4 Ne7 15.Nc3 Ng8
16.Qg3 Nf6 17.Bd3 Bb7 18.Qf3 Be7 19.O-O O-O 20.Qe2 Rbe8 21.Bd2 d5 22.Rae1 dxe4
23.Nxe4 Bxe4 24.Bxe4 Nxe4  0-1

[Event "Limpedea Cup"]
[Site "Baia Sprie ROM"]
[Date "2009.05.20"]
[Round "10"]
[White "Thesing,M"]
[Black "Shishkin,Va UKR"]
[Result "0-1"]
[WhiteElo "2415"]
[BlackElo "2498"]

1.e4 c5 2.Nc3 Nc6 3.Bb5 Nd4 4.Bc4 e6 5.Nge2 Nf6 6.O-O a6 7.d3 b5 8.Bb3 Nxb3
9.axb3 Bb7 10.Bg5 Be7 11.Ng3 d6 12.f4 h6 13.Bxf6 Bxf6 14.f5 h5 15.fxe6 fxe6
16.Qf3 Qe7 17.Nxh5 Bd4+ 18.Kh1 O-O-O 19.Qg4 Kb8 20.Ne2 Bxb2 21.Rab1 Bf6 22.Nef4 Rh6
23.Qxe6 Qxe6 24.Nxe6 Rdh8 25.Nxf6 Rxh2+ 26.Kg1 gxf6 27.Nf4 R2h6 28.c4 b4
29.Kf2 Bc8 30.Ra1 Kb7 31.Ke3 R8h7 32.d4 Rg7 33.Rf3 f5 34.dxc5 dxc5 35.Nd3 fxe4
36.Nxc5+ Kb6 37.Nxe4 Bb7 38.Ra4 a5 39.Rf5 Re6 40.Rb5+ Kc7 41.Raxa5 Rxe4+
42.Kf2 Reg4 43.Ra7 Kb8 44.Ra4 Rf7+ 45.Ke3 Re4+ 46.Kd3 Rd7+ 47.Kc2 Re2+ 48.Kc1 Rh7  0-1

[Event "Global Chess"]
[Site "Ulan Bator MGL"]
[Date "2009.05.21"]
[Round "5"]
[White "Myagmarsuren,L"]
[Black "Sorensen,To"]
[Result "1/2-1/2"]
[WhiteElo "2198"]
[BlackElo "2401"]

1.e4 c5 2.Nf3 Nc6 3.Nc3 g6 4.Bb5 Bg7 5.O-O Nd4 6.Nxd4 cxd4 7.Ne2 e6 8.d3 Ne7
9.Ba4 O-O 10.Bb3 d6 11.Bd2 Nc6 12.c3 Bd7 13.Ba4 f5 14.Bxc6 Bxc6 15.Qb3 fxe4
16.dxe4 Qd7 17.f3 Ba4 18.Qa3 Bb5 19.Rfe1 Bxe2 20.Rxe2 Qb5 21.Rae1 Qb6 22.cxd4 Bxd4+
23.Be3 Rac8 24.Bxd4 Qxd4+ 25.Qe3 Qxe3+ 26.Rxe3 Rc6 27.R1e2 Kf7 28.Rd3 b6
29.Ra3 a5 30.Kf2 Rfc8 31.Rb3 Ke7 32.Ke3 Kd7 33.Kd3 Kc7 34.Rc2 Rxc2 35.Kxc2 Kb7+
36.Rc3 Rf8 37.Kd3 g5 38.h3 h5 39.Kd4 Rf4 40.Ke3 Rf8 41.Rc2 e5  1/2-1/2

[Event "TCh-ISR 2008-9"]
[Site "Israel ISR"]
[Date "2009.05.22"]
[Round "11"]
[White "Bar,R"]
[Black "Maryasin,B"]
[Result "1/2-1/2"]
[WhiteElo "2442"]
[BlackElo "2340"]

1.e4 c5 2.Nc3 Nc6 3.Bb5 Nd4 4.Ba4 g6 5.Nge2 Bg7 6.O-O Qa5 7.Bb3 Nxb3 8.cxb3 d6
9.d4 cxd4 10.Nxd4 Nf6 11.Re1 O-O 12.a3 Bg4 13.f3 Bd7 14.b4 Qh5 15.Nde2 g5
16.Be3 a5 17.b5 Be6 18.Qd2 h6 19.Rac1 Nd7 20.Nd5 Bxd5 21.Ng3 Qg6 22.Qxd5 Bxb2
23.Rc7 Rfd8 24.Rxb7 e6 25.Qa2 Be5 26.b6 Rab8 27.Rxb8 Rxb8 28.Qc4 d5 29.exd5 Nxb6
30.Bxb6  1/2-1/2

[Event "TCh-ISR 2008-9"]
[Site "Israel ISR"]
[Date "2009.05.22"]
[Round "11"]
[White "Livshits,G"]
[Black "Uritzky,M"]
[Result "1-0"]
[WhiteElo "2427"]
[BlackElo "2398"]

1.e4 c5 2.Nc3 Nc6 3.Nge2 g6 4.d4 cxd4 5.Nxd4 Bg7 6.Be3 Nf6 7.Bc4 O-O 8.Bb3 Qa5
9.O-O d6 10.h3 Bd7 11.f4 Rac8 12.Qd3 Kh8 13.Rae1 Ng8 14.Nxc6 bxc6 15.Bd4 Qc7
16.Kh1 Rcd8 17.f5 Bc8 18.Bxg7+ Kxg7 19.Qc4 e6 20.fxe6 fxe6 21.Rxf8 Rxf8 22.Rd1 e5
23.Nb5 Qe7 24.Nxd6 Bg4 25.Rd2 Qg5 26.Qd3 Nh6 27.Kh2 Bh5 28.Qg3 Qf6 29.Nc4 Nf7
30.Rf2 Qe7 31.Ne3 Nd6 32.Rxf8 Kxf8 33.Qf2+ Kg7 34.g4 Nxe4 35.Qg2 Ng5 36.gxh5 e4
37.Qg3 Nf3+ 38.Kg2 Qd7 39.h6+ Kxh6 40.Qf4+ Kg7 41.Qxe4 Qxh3+ 42.Kf2 Ng5 43.Qf4 Kh6
44.c3 Qh1 45.Bd1  1-0

[Event "8th Asian Continental Women"]
[Site "Subic Bay PHI"]
[Date "2009.05.22"]
[Round "10"]
[White "Gu Xiaobing"]
[Black "Nguyen Thi Thanh An"]
[Result "0-1"]
[WhiteElo "2336"]
[BlackElo "2324"]

1.e4 c5 2.Nc3 Nc6 3.Nf3 Nf6 4.Bb5 d5 5.exd5 Nxd5 6.Ne5 Qd6 7.d4 Nxc3 8.bxc3 cxd4
9.Bxc6+ bxc6 10.cxd4 Qb4+ 11.Qd2 Qxd2+ 12.Bxd2 f6 13.Nd3 Ba6 14.Rb1 e6 15.O-O O-O-O
16.Rfe1 Rxd4 17.Rxe6 Kd7 18.Ree1 Bd6 19.Be3 Rc4 20.Red1 Ke6 21.Rd2 Ra4 22.Nc5+ Bxc5
23.Bxc5 Rxa2 24.h3 Kf5 25.Rb3 Rg8 26.Rf3+ Kg6 27.Rg3+ Kf5 28.Bxa7 Bc4 29.Bc5 Bd5
30.Re3 Rb8 31.Re7 Kg6 32.Kh2 Rbb2 33.Rd3 Rxc2 34.Rg3+ Kf5 35.Be3 g5 36.Rxh7 Kg6
37.Rc7 Rc4 38.Rd7 Re2 39.Bb6 Rb4 40.Ba7 Rb1 41.Ra3 Ree1 42.Be3 Rh1+ 43.Kg3 f5
44.Rd6+ Kh5 45.f4 Rb2 46.fxg5 Rxg2+ 47.Kf4 Rxg5 48.Ra7 Rf1+ 49.Ke5 f4+ 50.Kd4 Kh4
51.Rh6+ Kg3 52.Bd2 Rg8 53.Rf6 f3 54.Ra3 Kg2 55.Be3 f2 56.Rd3 Bf3 57.Bxf2 Rxf2
58.Kc3 Bd5 59.Rxf2+ Kxf2 60.Kd4 Kg2  0-1

[Event "Doroshkevicha Mem"]
[Site "Belorechensk RUS"]
[Date "2009.05.23"]
[Round "1"]
[White "Dzhakaev,D"]
[Black "Kvasov,A"]
[Result "1-0"]
[WhiteElo "2478"]
[BlackElo "2034"]

1.e4 c5 2.Nf3 Nc6 3.Nc3 e5 4.Bc4 Be7 5.d3 d6 6.Nd2 Nf6 7.Nf1 Bg4 8.f3 Be6
9.Ne3 a6 10.a4 Qd7 11.O-O g5 12.Ncd5 Bxd5 13.Nxd5 Nxd5 14.Bxd5 f5 15.c3 f4
16.Bd2 a5 17.Be1 h5 18.Qb3 Bf6 19.Be6 Qe7 20.Bf2 Nd8 21.Bf5 Nc6 22.Rac1 Kf8
23.g3 Nd8 24.d4 cxd4 25.cxd4 exd4 26.gxf4 gxf4 27.Kh1 Nc6 28.Rg1 Rd8 29.Rg2 Qf7
30.Be6 Qh7 31.Rcg1 Nb4 32.Qc4 Nc6 33.Qb5 Rb8 34.Rg6 Ke7 35.Rxf6 Kxf6 36.Bh4+ Kxe6
37.Rg7 Ne7 38.Rxe7+  1-0

[Event "Doroshkevicha Mem"]
[Site "Belorechensk RUS"]
[Date "2009.05.24"]
[Round "2"]
[White "Skorchenko,D"]
[Black "Rakov,V"]
[Result "1-0"]
[WhiteElo "2492"]
[BlackElo "2265"]

1.e4 c5 2.Nf3 Nc6 3.Nc3 d6 4.d4 cxd4 5.Nxd4 Nf6 6.Bg5 Bd7 7.Qd2 Rc8 8.f4 Nxd4
9.Qxd4 Qa5 10.e5 dxe5 11.fxe5 h6 12.O-O-O Qc5 13.Bxf6 Qxd4 14.Rxd4 gxf6 15.exf6 Bc6
16.Bb5 Bxb5 17.Nxb5 a6 18.fxe7 Bxe7 19.Nd6+ Bxd6 20.Rxd6 Ke7 21.Rb6 Rc7 22.Re1+ Kf8
23.Re4 Rg8 24.g3 Rg6 25.Reb4 Rxb6 26.Rxb6 Kg7 27.a4 f6 28.Kd2 Kg6 29.b4 Kf5
30.Kd3 Rd7+ 31.Kc3 Rc7+ 32.Kb3 Re7 33.b5 axb5 34.axb5 h5 35.Rd6 Re2 36.Rd5+ Kg6
37.h4 b6 38.Rd3 Re5 39.c4 Re1 40.Kc3 Kf5 41.Kd4 Re4+ 42.Kd5 Re5+ 43.Kc6 Rc5+
44.Kxb6 Rxc4 45.Ka5 Kg4 46.b6 Rc1 47.Rd4+  1-0

[Event "Doroshkevicha Mem"]
[Site "Belorechensk RUS"]
[Date "2009.05.24"]
[Round "2"]
[White "Karapetian,A"]
[Black "Lyubavin,V"]
[Result "1-0"]
[WhiteElo "1956"]
[BlackElo "2021"]

1.e4 c5 2.Nc3 Nc6 3.Nge2 g6 4.g3 Bg7 5.Bg2 e6 6.O-O Nge7 7.d3 O-O 8.Be3 b6
9.d4 cxd4 10.Nxd4 Bb7 11.f4 d5 12.exd5 Nxd5 13.Nxd5 exd5 14.c3 Re8 15.Bf2 Qd7
16.Bf3 Rad8 17.Qd3 f5 18.Rfe1 Na5 19.Rxe8+ Rxe8 20.Qb5 Re7 21.Qxd7 Rxd7 22.Ne6 Bf6
23.Bd4 Bxd4+ 24.Nxd4 Nc4 25.b3 Nd2 26.Kf2 Ne4+ 27.Bxe4 dxe4 28.Ke3 Kf7 29.c4 Ke7
30.h3 a6 31.Rc1 Rc7 32.g4 Bc8 33.gxf5 gxf5 34.Rg1 Kd6 35.Rg8 Kc5 36.Rf8 Kb4
37.Nxf5 Ka3 38.Kxe4 Kxa2 39.Nd4 Bxh3 40.Rf6 Bg2+ 41.Kd3 Rb7 42.Kc3 Re7 43.Rxb6 Re3+
44.Kd2 Rh3 45.Rxa6+ Kb2 46.Re6 Bf1 47.Re3 Rh2+ 48.Ke1 Bh3 49.Re2+ Rxe2+ 50.Kxe2 Kc3
51.Ke3 Bd7 52.f5 Kb4 53.f6 Be8 54.Kf4 Bf7 55.Ke5 h5 56.Nf5 Kxb3 57.c5  1-0

[Event "18th CRO-Cup"]
[Site "Sibenik CRO"]
[Date "2009.05.24"]
[Round "5"]
[White "Zovko,Mari"]
[Black "Biliskov,V"]
[Result "1/2-1/2"]
[WhiteElo "2179"]
[BlackElo "2293"]

1.e4 c5 2.Nc3 Nc6 3.Nge2 d6 4.d3 g6 5.Be3 Bg7 6.g3 Nd4 7.Bg2 e6 8.O-O Ne7
9.Qd2 Qa5 10.Nxd4 cxd4 11.Ne2 Qxd2 12.Bxd2 Nc6 13.f4 f5 14.Rfe1 O-O 15.c3 Bd7
16.Rac1 Rac8 17.c4 a5  1/2-1/2